[Event "BCF-chT3S 1213 (4NCL)"]
[Site "England"]
[Date "2012.11.04"]
[Round "2.136"]
[White "Heffetz, Shiri"]
[Black "Paul, Barnaby J"]
[Result "1-0"]
[WhiteElo "1884"]
[BlackElo "1629"]
[PlyCount "39"]
[EventDate "2012.11.03"]
[EventType "team-swiss"]
[EventRounds "6"]
[EventCountry "ENG"]
[SourceTitle "EXT 2014"]
[Source "ChessBase"]
[SourceDate "2013.11.20"]
[SourceVersion "1"]
[SourceVersionDate "2013.11.20"]
[SourceQuality "1"]
[WhiteTeam "Oxford III"]
[BlackTeam "KJCA Knights"]
[WhiteTeamCountry "ENG"]
[BlackTeamCountry "ENG"]

1. e4 e5 2. d4 exd4 3. c3 dxc3 4. Bc4 Nc6 5. Nf3 cxb2 6. Bxb2 Bb4+ 7. Nc3 Nf6 8. e5 Ng4 9. 0-0 0-0 10. Nd5 Bc5 11. h3 Nh6 12. Qc1 Na5 13. Nf6+ Kh8 14. Qc2 gxf6 15. exf6 d5 16. Qc1 Nf5 17. Bd3 b6 18. Ne5 Bd6 19. Bxf5 Bxf5 20. Qh6 1-0